000 02556cam a22005774i 4500
003 PE-LiUPU
005 20250731165355.0
008 140610s2013 sp a rb 000 0 spa d
020 _a8499588727
020 _a9788499588728
035 _a(Sirsi) i9788499588728
040 _aSpMaBN
_bspa
_cSpMaBN
_dPE-LiUPU
_erda
049 _aPRUA
082 0 4 _a070.4
_bM83
_223
100 1 _aMayoral Sánchez, Javier,
_d1970- ,
_eautor
245 1 0 _aRedacción periodística :
_bmedios, géneros y formatos /
_cJavier Mayoral.
264 1 _aMadrid :
_bEditorial Síntesis,
_c2013.
300 _a401 páginas :
_bilustraciones. ;
_c23 centímetros.
336 _atext
_2rdacontent
337 _aunmediated
_2rdamedia
338 _avolume
_2rdacarrier
490 0 _aComunicación audiovisual ;
_v19
504 _aBibliografía: páginas 399-401.
505 0 _aPanorama de una revolución en curso -- Género, estilo y formato -- Los géneros informativos clásicos -- La información audiovisual -- Información con una dosis de subjetividad -- Información, interpretación y análisis -- El comentario y los textos de opinión -- Taller de periodismo práctico : ejercicios de estilo.
526 _aSEG44
526 _aSEG26
526 _aP151
526 _aP150
526 _aP149
526 _aP146
526 _aP145
526 _aP126
526 _aP125
526 _aP92
526 _aP75
526 _aP74
526 _aP27
526 _aP15
541 _g001-002617;
650 7 _aRedacción periodística.
_2embne
910 _aaas
_bjck
_caas
_d20150511
910 _ajck
_bjck
_cnng
_d20140610
942 _2ddc
_cBOOK
949 _a070.4 M83
_wDEWEY
_c1
_i70018
_d2016-6-14
_e2016-6-12
_lCCODEBUL1
_mBUL
_n2
_p50.79
_r0
_sY
_tBOOK
_u2014-6-10
_xEDUCACION
_PP07
_0COMPRA
_o.STAFF. Colección General
949 _a070.4 M83
_wDEWEY
_c2
_i70974
_d2016-6-14
_e2016-6-14
_lCCODEBUL1
_mBUL
_n1
_p50.79
_r0
_sY
_tBOOK
_u2015-5-11
_xEDUCACION
_PP07
_0COMPRA
_o.STAFF. Colección General
994 _aC0
_bPEPRU
596 _a1
999 _a070.4 M83
_wDEWEY
_c4429
_i70018
_d4429
_e2018-8-27
_f2021-11-8
_g5
_lCCODEBUL1
_mBUL
_n5
_p50.79
_q1
_r0
_sY
_tBOOK
_u2014-6-10
_xEDUCACION
_PP07
_0COMPRA
_o.STAFF. Colección General
999 _a070.4 M83
_wDEWEY
_c2
_i70974
_d2016-6-14
_e2016-6-14
_f2021-11-8
_g5
_lCCODEBUL1
_mBUL
_n1
_p50.79
_r0
_sY
_tBOOK
_u2015-5-11
_xEDUCACION
_PP07
_0COMPRA
_o.STAFF. Colección General
980 _81
_gALBERTO SANCHEZ Responsable de Automatización